[Event "13th EICC"]
[Site "Plovdiv BUL"]
[Date "2012.03.29"]
[Round "9.134"]
[White "Laurusas,T"]
[Black "Valsecchi,A"]
[Result "1/2-1/2"]
[WhiteElo "2360"]
[BlackElo "2429"]

1.d4 Nf6 2.c4 Nc6 3.d5 Ne5 4.e4 e6 5.Nc3 Bb4 6.Bd2 Qe7 7.dxe6 fxe6 8.a3 Bc5
9.Be2 O-O 10.Nh3 d5 11.O-O dxc4 12.Qc2 a6 13.Bf4 Nfd7 14.Kh1 b5 15.Bg5 Qf7
16.a4 Rb8 17.axb5 axb5 18.Qd1 Bb7 19.f4 Ng6 20.Nxb5 Bxe4 21.Bxc4 Bf5 22.Qe2 Nb6
23.Ba2 Qd7 24.Rac1 Na4 25.b3 Qxb5 26.Qxb5 Rxb5 27.bxa4 Ra5 28.Rfe1 Re8 29.Red1 Bd6
30.Nf2 Rxa4 31.Bc4 Ba3 32.Bb5 Bxc1 33.Bxa4 Ra8 34.Rxc1 Rxa4 35.g4 Be4+ 36.Nxe4 Rxe4
37.Rxc7 Nxf4 38.Bxf4 Rxf4 39.Re7 Re4 40.h3 Kf8 41.Ra7 Re2 42.Kg1 h6 43.Rb7 Kg8
44.Re7 Kh7 45.Kf1 Re5 46.Kf2 Kg6 47.h4 Kf6 48.Ra7 Rb5 49.Kf3 Rb3+ 50.Ke4 g5
51.h5 Rg3 52.Rh7 Rxg4+ 53.Kf3 Ra4 54.Rxh6+ Kf5 55.Rh8 g4+ 56.Kf2 Ra2+ 57.Kg3 Ra3+
58.Kg2 e5 59.h6 Rh3 60.h7 Ke4 61.Kf2 Rf3+ 62.Kg2 Rf7 63.Kg1 Kf4 64.Kg2 e4
65.Kf2 e3+ 66.Kg2 g3 67.Ra8 Rxh7 68.Ra4+ Ke5 69.Kf3 Rg7 70.Ra5+ Kd4 71.Ra4+ Kc3
72.Ra3+ Kb4 73.Ra1  1/2-1/2

[Event "European Senior Teams 2012"]
[Site "Rogaska Slatina SLO"]
[Date "2012.03.30"]
[Round "4.10"]
[White "Dickhoff,R"]
[Black "Jongsma,L"]
[Result "0-1"]
[WhiteElo "2144"]
[BlackElo "2193"]

1.d4 Nf6 2.c4 Nc6 3.Nf3 d6 4.g3 e5 5.dxe5 Nxe5 6.Nxe5 dxe5 7.Qxd8+ Kxd8 8.Bg5 c6
9.Nd2 Kc7 10.Bg2 Be6 11.O-O h6 12.Bxf6 gxf6 13.Rac1 Rd8 14.Nb3 h5 15.h4 Bh6
16.Rc2 b6 17.Bf3 Bf5 18.e4 Rd3 19.Kg2 Bg6 20.Re1 Rhd8 21.Ree2 c5 22.Re1 a5
23.Nc1 Rd2 24.Rxd2 Rxd2 25.Ne2 Rxb2 26.Nc3 Bd2 27.Nd5+ Kc6 28.Re2 a4 29.g4 hxg4
30.Bxg4 Rxa2 31.Nc3 Rc2 32.Nxa4 b5 33.cxb5+ Kxb5 34.Bd7+ Kc4 35.Bc6 Kd3 36.Bb5+ c4  0-1

[Event "Cebanenco Mem IM 2012"]
[Site "Kishinev MDA"]
[Date "2012.04.04"]
[Round "3"]
[White "Grinev,V"]
[Black "Romcovici,V"]
[Result "1-0"]
[WhiteElo "2404"]
[BlackElo "2147"]

1.d4 Nf6 2.c4 Nc6 3.Nf3 e6 4.Nc3 Bb4 5.Qc2 d6 6.a3 Bxc3+ 7.Qxc3 O-O 8.b4 Ne4
9.Qc2 f5 10.Bb2 Qe7 11.e3 Ng5 12.Be2 e5 13.b5 Nxf3+ 14.gxf3 Nd8 15.dxe5 dxe5
16.Qc3 e4 17.Rg1 Ne6 18.fxe4 fxe4 19.Bg4 Ng5 20.Qxg7+ Qxg7 21.Bxg7 Kxg7 22.Bxc8 Kf6
23.Bg4 Rad8 24.Rd1 Nf7 25.Be2 Ne5 26.Rd4 Rxd4 27.exd4 Ng6 28.Kd2 Ne7 29.Rg4 Nf5
30.Rxe4 Rg8 31.Rf4 Rg2 32.Bd3  1-0

[Event "O2C Doeberl Cup Premier 2012"]
[Site "Canberra AUS"]
[Date "2012.04.06"]
[Round "3.12"]
[White "Matheson,L"]
[Black "Akshat,Kh"]
[Result "0-1"]
[WhiteElo "2141"]
[BlackElo "2411"]

1.d4 Nf6 2.c4 Nc6 3.Nf3 e6 4.a3 d5 5.cxd5 exd5 6.Nc3 Bf5 7.Bg5 Be7 8.e3 O-O
9.Bd3 Be6 10.O-O a6 11.b4 h6 12.Bh4 Nd7 13.Bxe7 Qxe7 14.e4 Nb6 15.Re1 Qd7
16.b5 axb5 17.Bxb5 Qd6 18.e5 Qe7 19.Bxc6 bxc6 20.Qc1 Nc4 21.Nb1 c5 22.dxc5 Qxc5
23.Nbd2 Rxa3 24.Rxa3 Qxa3 25.Nxc4 Qxc1 26.Rxc1 dxc4 27.Kf1 Ra8 28.Nd2 Ra5
29.f4 g5 30.g3 Kg7 31.Ke2 gxf4 32.gxf4 Kg6 33.Rc3 Kf5 34.Ke3 Rd5 35.Nf3 Rd3+
36.Rxd3 cxd3 37.h3 Kg6 38.Kxd3 Bxh3 39.Nd4 c5 40.Nc6 Kf5 41.Ke3 Bg2 42.Ne7+ Ke6
43.Ng8 h5 44.Kf2 Bc6 45.Nh6 Bd5 46.Ke3 f6 47.Ng8 fxe5 48.fxe5 Kxe5 49.Ne7 Be4
50.Nc8 h4 51.Nb6 h3 52.Nd7+ Kd6 53.Nf6 Bf5 54.Nd7  0-1

[Event "6th Philadelphia Open"]
[Site "Philadelphia USA"]
[Date "2012.04.07"]
[Round "6.7"]
[White "Coleman,T"]
[Black "Stripunsky,A"]
[Result "1/2-1/2"]
[WhiteElo "2356"]
[BlackElo "2566"]

1.d4 Nf6 2.c4 Nc6 3.Nc3 e5 4.d5 Ne7 5.e3 Ng6 6.Bd3 Bb4 7.Bd2 Bxc3 8.Bxc3 d6
9.Ne2 Nh4 10.O-O O-O 11.Ng3 Re8 12.Qc2 c6 13.Rad1 cxd5 14.cxd5 Bd7 15.Qb3 Qb6  1/2-1/2

[Event "O2C Doeberl Cup Premier 2012"]
[Site "Canberra AUS"]
[Date "2012.04.08"]
[Round "9.9"]
[White "Cheng,Bo"]
[Black "Akshat,Kh"]
[Result "0-1"]
[WhiteElo "2344"]
[BlackElo "2411"]

1.d4 Nf6 2.c4 Nc6 3.Nf3 e6 4.g3 Bb4+ 5.Bd2 Qe7 6.Nc3 O-O 7.Bg2 d6 8.O-O a5
9.d5 Nb8 10.Nd4 e5 11.Nc2 Bc5 12.b3 Nbd7 13.a3 Ba7 14.e4 c6 15.Be3 Nb6 16.h3 Bd7
17.Qd3 Rfc8 18.a4 Be8 19.Na3 Nbd7 20.Bxa7 Rxa7 21.Rad1 Nc5 22.Qb1 Ra6 23.Rd2 Rd8
24.Rfd1 Raa8 25.Nc2 cxd5 26.exd5 Nfd7 27.Na3 f5 28.Nab5 Bg6 29.Qb2 Rac8 30.Na7 Rb8
31.Nab5 Rdc8 32.Ne2 Qf6 33.Na7 Rf8 34.Nb5 Rbc8 35.Na7 Rce8 36.Nb5 Na6 37.f4 Bh5
38.Rf1 Qg6 39.fxe5 dxe5 40.Kh2 Nac5 41.Nc7 Rc8 42.Ne6 Rfe8 43.Nc3 e4 44.g4 fxg4
45.Nxe4 gxh3 46.Bxh3 Qh6 47.Rg2 Bg6 48.Nd6 Nxe6 49.dxe6 Rxe6 50.Nxc8 Nf6
51.Qc1 Re3 52.Ne7+ Kf7 53.Nxg6 Rxh3+ 54.Kg1 Rh1+ 55.Kf2 Qxc1 56.Rxc1 Rxc1
57.Nf4 Rc3 58.Rg1 Rxb3 59.Rc1 g5 60.Ne2 Ne4+ 61.Kg2 b6 62.Nd4 Rg3+ 63.Kh2 Rd3
64.Nc6 Rd6 65.Ne5+ Ke6 66.Nf3 g4 67.Re1 gxf3 68.Rxe4+ Kf5 69.Rh4 Rg6 70.Rh3 Kf4
71.Rxh7 f2 72.Rf7+ Ke3 73.Re7+ Kd2 74.Rd7+ Ke2 75.Re7+ Kf1 76.c5 Rh6+ 77.Kg3 Kg1  0-1

[Event "Karposh Open 2012"]
[Site "Skopje MKD"]
[Date "2012.04.14"]
[Round "9.36"]
[White "Andonovski,L"]
[Black "Yurtseven,M"]
[Result "1-0"]
[WhiteElo "2291"]
[BlackElo "2147"]

1.d4 Nf6 2.c4 Nc6 3.Nf3 e6 4.g3 Bb4+ 5.Bd2 Qe7 6.Nc3 d6 7.Bg2 O-O 8.O-O a5
9.Rc1 Re8 10.Bg5 Bxc3 11.Rxc3 h6 12.Bxf6 Qxf6 13.e4 e5 14.d5 Nb4 15.a3 Na6
16.Ne1 Qg6 17.Nd3 f5 18.Re1 fxe4 19.Bxe4 Bf5 20.f3 Rf8 21.b4 axb4 22.axb4 h5
23.b5 Nb8 24.Bxf5 Rxf5 25.c5 Nd7 26.b6 dxc5 27.bxc7 Qd6 28.Qb3 b6 29.f4 Kh8
30.fxe5 Nxe5 31.Nf4 Qxc7 32.Rce3 c4 33.Qc2 Rxf4 34.gxf4 Nd3 35.Rxd3 Qxf4
36.Rde3 Rf8 37.Qe2 Rf5 38.Re5 Rg5+ 39.Rxg5 Qxg5+ 40.Qg2 Qf6 41.Re8+ Kh7 42.Qe4+  1-0

[Event "World Amateur Championship"]
[Site "Neos Marmaras GRE"]
[Date "2012.04.19"]
[Round "5"]
[White "Moreno,Jaime Alberto"]
[Black "Akinci,M"]
[Result "0-1"]
[WhiteElo "1978"]
[BlackElo "1846"]

1.d4 Nf6 2.c4 Nc6 3.Nf3 e6 4.Bg5 h6 5.Bh4 g5 6.Bg3 Bb4+ 7.Nc3 g4 8.Ne5 Ne4
9.Qd3 Nxg3 10.Nxc6 bxc6 11.hxg3 a5 12.e4 Qg5 13.Be2 Ba6 14.a3 Bf8 15.e5 Bg7
16.Ne4 Qg6 17.Qc2 h5 18.Bd3 Qh6 19.Rb1 Ke7 20.Qc3 f5 21.Nc5 Bc8 22.Nb3 f4
23.Be4 Qg5 24.Rd1 fxg3 25.fxg3 Rb8 26.Nxa5 c5 27.b4 cxd4 28.Qxd4 Bxe5 29.Qd3 Kf7
30.Nb3 Kg7 31.Nd4 c5 32.Nc2 d6 33.b5 Bd7 34.Ke2 d5 35.Bxd5 exd5 36.Qxd5 Rbd8
37.Rhf1 Bf6 38.Rf4 Rhe8+ 39.Kf2 Bf5 40.Rxf5 Rxd5 41.Rxg5+ Rxg5  0-1

[Event "TCh-CAT 2012"]
[Site "Catalunya ESP"]
[Date "2012.04.21"]
[Round "11.9"]
[White "Guasch Sariol,J"]
[Black "Dickl,E"]
[Result "1/2-1/2"]
[WhiteElo "2122"]
[BlackElo "2193"]

1.d4 Nf6 2.c4 Nc6 3.Nf3 e6 4.g3 d5 5.cxd5 exd5 6.Bg2 Ne4 7.O-O Be7 8.Nc3 O-O
9.Bf4 Nxc3 10.bxc3 Na5 11.Ne5 f6 12.Nd3 f5 13.Qa4 c6 14.Ne5 Be6 15.Rab1 b5
16.Qc2 g5  1/2-1/2

[Event "50th ch-IND Challengers 2012"]
[Site "Tirupati IND"]
[Date "2012.05.20"]
[Round "4.18"]
[White "Ram,S"]
[Black "Puranik,A"]
[Result "1-0"]
[WhiteElo "2303"]
[BlackElo "2191"]

1.d4 Nf6 2.c4 Nc6 3.Nf3 e6 4.a3 d5 5.Nc3 Be7 6.Bf4 O-O 7.e3 b6 8.cxd5 exd5
9.Qa4 Bb7 10.Ba6 Qc8 11.Qxc6 Bxc6 12.Bxc8 Raxc8 13.Rc1 Bb7 14.Nb5 a6 15.Na7 Ra8
16.Rxc7 Rxa7 17.Rxe7 Rc8 18.O-O Ne4 19.Ne5 f6 20.Nd7 Rc6 21.f3 Nd2 22.Rd1 Nc4
23.b3 Na5 24.b4 Nc4 25.e4 f5 26.exf5 Bc8 27.Nf6+ Rxf6 28.Rxa7 Bxf5 29.Re1 h6
30.Ree7 Rg6 31.Rxa6 Nb2 32.Be5 Nd3 33.Ra8+ Kh7 34.Raa7 Nxe5 35.Rxe5  1-0

[Event "50th ch-IND Challengers 2012"]
[Site "Tirupati IND"]
[Date "2012.05.22"]
[Round "7.13"]
[White "Singh,SV"]
[Black "Ram,S"]
[Result "1/2-1/2"]
[WhiteElo "2225"]
[BlackElo "2303"]

1.d4 Nf6 2.c4 Nc6 3.Nf3 e6 4.a3 d6 5.Nc3 g6 6.g3 Bg7 7.Bg2 O-O 8.O-O Re8
9.e4 e5 10.d5 Nd4 11.h3 c5 12.Ne1 a6 13.b4 b6 14.Nd3 Bd7 15.f4 Nh5 16.g4 Nxf4
17.Nxf4 exf4 18.Bxf4 Qc7 19.Ne2 Ba4 20.Qd3 b5 21.Nxd4 Bxd4+ 22.Kh1 bxc4 23.Qf3 cxb4
24.axb4 Bc2 25.Rae1 Rab8 26.Qg3 Be5 27.Bxe5 Rxe5 28.Rf4 Bd3 29.Bf1 g5 30.Rf2 Bxe4+
31.Kh2 c3 32.Rc1 c2 33.Bd3 Bxd3 34.Qxd3 Qb7 35.Rf5 Qxb4 36.Rxc2 Qe1 37.Rxf7 Kxf7
38.Qxh7+ Kf6 39.Qh6+ Kf7 40.Rc7+ Re7  1/2-1/2

[Event "29th BSG Pinkster Open"]
[Site "Bussum NED"]
[Date "2012.05.26"]
[Round "2.13"]
[White "Vereggen,L"]
[Black "Bettman,J"]
[Result "1-0"]
[WhiteElo "2057"]
[BlackElo "1895"]

1.d4 Nf6 2.c4 Nc6 3.Nf3 d6 4.Nc3 h6 5.e4 e5 6.d5 Ne7 7.Be2 g5 8.O-O Ng6 9.Ne1 Nf4
10.Nd3 c5 11.dxc6 bxc6 12.c5 Nxe2+ 13.Qxe2 Ba6 14.Rd1 Qc8 15.Qf3 Nh7 16.Be3 g4
17.Qg3 f5 18.exf5 Qxf5 19.Nb4 Bb7 20.cxd6 Nf6 21.Bc5 Bg7 22.Qd3 Qxd3 23.Nxd3 Nd7
24.Ne4 O-O 25.Be3 Ba6 26.Rac1 Bxd3 27.Rxd3 Rab8 28.b3 Rb4 29.Rc4 Rfb8 30.Rxb4 Rxb4
31.Nc5 e4 32.Rd1 Nxc5 33.Bxc5  1-0

[Event "ch-UZB Major 2012"]
[Site "Tashkent UZB"]
[Date "2012.05.26"]
[Round "10"]
[White "Kasyan,A"]
[Black "Holmirzaev,B"]
[Result "0-1"]
[WhiteElo "2353"]
[BlackElo "2315"]

1.d4 Nf6 2.c4 Nc6 3.Nf3 e6 4.g3 Bb4+ 5.Bd2 Qe7 6.Bg2 O-O 7.O-O Bxd2 8.Nbxd2 d6
9.e4 e5 10.d5 Nb8 11.Ne1 a5 12.Nd3 Na6 13.f4 exf4 14.gxf4 Ng4 15.Qe2 Nc5
16.h3 Nxd3 17.Qxd3 Nh6 18.Qg3 Qf6 19.e5 Qg6 20.Qc3 Nf5 21.Kh2 Ra6 22.Be4 Qh6
23.Rf2 a4 24.Rg1 dxe5 25.Bxf5 Bxf5 26.fxe5 Rg6 27.Rg3 Rxg3 28.Qxg3 Qh5 29.Qf3 Qxf3
30.Rxf3 g6 31.Kg3 c6 32.d6 Re8 33.Kf4 f6 34.Re3 b6 35.h4 Kf7 36.Nf3 Bd7 37.b3 h6
38.exf6 Rxe3 39.Kxe3 Kxf6 40.bxa4 c5 41.a5 bxa5 42.Nd2 Ke6 43.Ne4 Bc6 44.Nxc5+ Kxd6
45.Nd3 g5 46.hxg5 hxg5 47.a3 a4 48.Kd4 g4 49.Nf4 g3 50.c5+ Kc7 51.Ke5 Bd7
52.Kd5 Bg4 53.Kc4 Kc6 54.Kd4 Kb5 55.Ng2 Bf3 56.Nf4 Bc6 57.Ne2 g2 58.Nc3+ Ka5
59.Ne2 Bb7 60.Ke3 Kb5 61.Kd4 Kc6 62.Ng1 Kd7 63.Ke5 Bc6 64.Ne2 Bb5 65.Ng1 Kc6
66.Kd4 Ba6 67.Nf3 Be2 68.Ng1  0-1

[Event "Women's World Rapid Championship 2012"]
[Site "Batumi GEO"]
[Date "2012.05.31"]
[Round "1.19"]
[White "Charkhalashvili,I"]
[Black "Khurtsidze,N"]
[Result "1/2-1/2"]
[WhiteElo "2334"]
[BlackElo "2456"]

1.d4 Nf6 2.c4 Nc6 3.Nf3 e6 4.Nc3 Bb4 5.Bf4 O-O 6.e3 d6 7.Be2 Bxc3+ 8.bxc3 Ne7
9.h3 Ng6 10.Bh2 Qe7 11.O-O e5 12.Qc2 b6 13.a4 a5 14.Nd2 Bb7 15.Bf3 Bxf3 16.Nxf3 Rfe8
17.Rab1 Nd7 18.Rb5 Qe6 19.Nd2 f5 20.Re1 Rf8 21.Qd3 Rae8 22.Rbb1 f4 23.exf4 Nxf4
24.Bxf4 Rxf4 25.Re2 Ref8 26.Rbe1 Qf7 27.Nf3 Qh5 28.dxe5 Rxf3 29.Qd5+ Kh8
30.e6 Ne5 31.Rxe5 dxe5 32.Rxe5 Qg6 33.e7 Rxf2 34.exf8=Q+ Rxf8 35.Rg5 Qf6
36.Rg3 h6 37.Rf3 Qe7 38.Rxf8+ Qxf8 39.Qe4 Qf6 40.Qe8+ Kh7 41.Qe4+ Qg6 42.Qe5 c6
43.Kh2 Qd3 44.c5 b5 45.axb5 Qxb5 46.Qe4+ Kg8 47.Qe8+ Kh7 48.Qe4+  1/2-1/2

[Event "Women's World Rapid Championship 2012"]
[Site "Batumi GEO"]
[Date "2012.06.01"]
[Round "5.14"]
[White "Ushenina,A"]
[Black "Melia,S"]
[Result "1-0"]
[WhiteElo "2454"]
[BlackElo "2410"]

1.d4 Nf6 2.c4 Nc6 3.Nf3 e6 4.a3 d6 5.Nc3 g6 6.e4 Bg7 7.h3 O-O 8.Be3 Re8 9.Be2 e5
10.dxe5 Nxe5 11.O-O Nxf3+ 12.Bxf3 Nd7 13.Qc2 Ne5 14.Be2 Be6 15.Nd5 c6 16.Nf4 Bd7
17.Rad1 Qe7 18.Qd2 Bf8 19.Rfe1 f5 20.exf5 Bxf5 21.Qc1 Qf7 22.b3 Red8 23.Nd3 Nxd3
24.Bxd3 d5 25.Bg5 Rd7 26.Bf1 d4 27.c5 d3 28.Qe3 Rd5 29.b4 a5 30.g4 axb4 31.axb4 Ra2
32.gxf5 Qxf5 33.h4 h6 34.Bf4 Bg7 35.Bxd3 Qg4+ 36.Qg3 Qxg3+ 37.fxg3 Rd4 38.Bb1 Rxb4
39.Bxa2+  1-0

[Event "Women's World Rapid Championship 2012"]
[Site "Batumi GEO"]
[Date "2012.06.01"]
[Round "6.17"]
[White "Danielian,E"]
[Black "Melia,S"]
[Result "1/2-1/2"]
[WhiteElo "2484"]
[BlackElo "2410"]

1.d4 Nf6 2.c4 Nc6 3.Nf3 e6 4.g3 Bb4+ 5.Bd2 Qe7 6.Bg2 Ne4 7.O-O Nxd2 8.Nbxd2 O-O
9.Nb3 b6 10.Rc1 Rb8 11.a3 Bd6 12.e4 Qd8 13.e5 Be7 14.d5 Na5 15.Nbd2 d6 16.b4 Nb7
17.Nd4 Qe8 18.Nc6 Ra8 19.f4 a5 20.Nb3 axb4 21.axb4 dxe5 22.fxe5 Bg5 23.Rc3 Ra3
24.h4 Bh6 25.Rd3 exd5 26.Bxd5 Be6 27.Qf3 g6 28.Nbd4 Rxd3 29.Qxd3 Nd8 30.Nxd8 Qxd8
31.Nxe6 fxe6 32.Bxe6+ Kh8 33.Qxd8 Rxd8 34.Bd5 Re8 35.e6 c6 36.Bxc6 Rxe6 37.Bd5 Re2
38.Rf7 Bd2 39.g4 Bxb4 40.g5 Bc5+ 41.Kf1 Re8 42.Kg2 Bd4 43.Rb7 Rf8 44.Kg3 Be3
45.Kg4 Rf4+ 46.Kh3 Rf8 47.Kg3 Bd4 48.Kg4 Bc5 49.h5 gxh5+ 50.Kxh5 Rd8 51.Be4 Re8
52.Bd5 Rd8 53.Be6 Re8 54.Bd5  1/2-1/2

[Event "XXVII Felix Cup 2012"]
[Site "Baile Felix ROU"]
[Date "2012.06.04"]
[Round "6.2"]
[White "Florescu,C"]
[Black "Frink,F"]
[Result "1-0"]
[WhiteElo "2316"]
[BlackElo "2198"]

1.d4 Nf6 2.c4 Nc6 3.Nf3 e6 4.a3 d6 5.Nc3 Bd7 6.b4 e5 7.d5 Ne7 8.e4 Ng6 9.g3 Be7
10.h4 h5 11.Ng5 a5 12.Bd2 Bg4 13.f3 Bd7 14.Bd3 Nh7 15.Nxh7 Rxh7 16.Be3 b6
17.Bc2 Nf8 18.Ba4 g6 19.Qc2 f5 20.exf5 gxf5 21.Kd2 Rg7 22.Qxf5 Bxa4 23.Qxh5+ Kd7
24.Qf5+ Ke8 25.Nxa4 Rxg3 26.Nc3 Rg2+ 27.Kd3 axb4 28.axb4 Rxa1 29.Rxa1 Bxh4
30.Nb5 Rg7 31.Ra7 Rf7 32.Qg4 Bf6 33.Qh5 Nd7 34.Nxc7+ Ke7 35.Ne6 Qg8 36.Ng5 Rg7
37.Qh3 Qc8 38.Qe6+ Kf8 39.Rxd7 Rxd7 40.Qxf6+ Kg8 41.Qe6+ Kg7 42.Ne4 b5 43.c5 Qc7
44.Qh6+ Kf7 45.Qh7+  1-0

[Event "Bronshoj BSM IM 2012"]
[Site "Copenhagen DEN"]
[Date "2012.06.05"]
[Round "9.3"]
[White "Semcesen,D"]
[Black "Haubro,M"]
[Result "1-0"]
[WhiteElo "2461"]
[BlackElo "2092"]

1.d4 Nf6 2.c4 Nc6 3.Nf3 e6 4.a3 g6 5.Nc3 Bg7 6.e4 d6 7.h3 O-O 8.Bg5 h6 9.Be3 Re8
10.Qd2 Kh7 11.Bd3 e5 12.d5 Ne7 13.g4 c5 14.Rg1 Rh8 15.Nh2 Qa5 16.f4 exf4
17.Bxf4 Ne8 18.Nf3 Bxc3 19.bxc3 Kg7 20.e5 dxe5 21.Nxe5 a6 22.Kf2 b5 23.Rae1 Ra7
24.Re2 Qd8 25.Bxh6+ Kg8 26.Bg5 Qd6 27.Nc6  1-0

[Event "Bronshoj BSM IM 2012"]
[Site "Copenhagen DEN"]
[Date "2012.06.05"]
[Round "9.4"]
[White "Nilssen,J"]
[Black "Vesterli,M"]
[Result "1-0"]
[WhiteElo "2389"]
[BlackElo "2030"]

1.d4 Nf6 2.c4 Nc6 3.Nf3 e6 4.g3 Bb4+ 5.Nc3 Bxc3+ 6.bxc3 d6 7.Bg2 O-O 8.O-O e5
9.c5 e4 10.Ng5 d5 11.f3 exf3 12.exf3 Bf5 13.Nh3 Qd7 14.g4 Be6 15.Bg5 Ne8
16.Bf4 b6 17.Qd3 bxc5 18.dxc5 Ne7 19.Rfe1 Ng6 20.Bg3 Qc6 21.f4 Bxg4 22.Nf2 Qxc5
23.f5 Nh8 24.Be5 Bh5 25.Qh3 g6 26.Re3 f6 27.Bd4 Qa5 28.fxg6 Bxg6 29.Ng4 Nf7
30.Qf3 f5 31.Qxd5 Qxd5 32.Bxd5 Rd8 33.Nh6+  1-0

[Event "1st Grand Europe Open"]
[Site "Golden Sands BUL"]
[Date "2012.06.07"]
[Round "4.48"]
[White "Gavrilidis,G"]
[Black "Akshat,Kh"]
[Result "1/2-1/2"]
[WhiteElo "2135"]
[BlackElo "2400"]

1.d4 Nf6 2.c4 Nc6 3.Nf3 e6 4.g3 Bb4+ 5.Bd2 Qe7 6.Bg2 O-O 7.O-O a5 8.Bc1 b6
9.Ne5 Bb7 10.Nxc6 dxc6 11.Qc2 e5 12.dxe5 Qxe5 13.Bf4 Qe7 14.Nc3 Rae8 15.Bf3 Bd6
16.Bxd6 Qxd6 17.Rfd1 Qe6 18.b3 Ba6 19.Rd4 b5 20.cxb5 cxb5 21.Rad1 Qb6 22.g4 Bb7
23.g5 Bxf3  1/2-1/2

[Event "5th Mayors Cup 2012"]
[Site "Mumbai IND"]
[Date "2012.06.09"]
[Round "4.5"]
[White "Kunte,A"]
[Black "Ram,S"]
[Result "1/2-1/2"]
[WhiteElo "2538"]
[BlackElo "2303"]

1.d4 Nf6 2.c4 Nc6 3.Nf3 e6 4.a3 d6 5.Nc3 g6 6.g3 Bg7 7.Bg2 O-O 8.O-O Re8
9.e3 a6 10.Qc2 Rb8 11.Rd1 Ne7 12.e4 b5 13.c5 Bb7 14.b4 Qc8 15.Bf4 Nh5 16.Bg5 f6
17.Be3 f5 18.Rac1 dxc5 19.bxc5 Bxe4 20.Nxe4 fxe4 21.Qxe4 Nf6 22.Qd3 Nfd5
23.Bd2 Qd7 24.Re1 Nf5 25.Rcd1 c6 26.Re2 Bf6 27.Rde1 Nc7 28.Bf4 Rbd8 29.Bxc7 Qxc7
30.Rxe6 Rxe6 31.Rxe6 Bxd4 32.Qb3 Kh8 33.g4 Ng7 34.Rd6 Bxc5 35.Rxd8+ Qxd8
36.Ne5 Qf6 37.Nf7+ Kg8 38.Ng5+ Kh8  1/2-1/2

[Event "62nd ch-RUS HL w"]
[Site "Tyumen RUS"]
[Date "2012.06.23"]
[Round "7"]
[White "Girya,O"]
[Black "Vasilevich,I"]
[Result "1-0"]
[WhiteElo "2414"]
[BlackElo "2375"]

1.d4 Nf6 2.c4 Nc6 3.Nc3 e5 4.d5 Ne7 5.h4 h5 6.Bg5 Ng6 7.e3 Bb4 8.Ne2 Nf8
9.Ng3 N8h7 10.Nxh5 Nxg5 11.hxg5 Nxh5 12.Rxh5 Bxc3+ 13.bxc3 Rxh5 14.Qxh5 Qe7
15.g6 fxg6 16.Qxg6+ Qf7 17.Bd3 Qxg6 18.Bxg6+ Ke7 19.Ke2 b6 20.Rh1 Ba6 21.Bd3 e4
22.Bxe4 Bxc4+ 23.Kf3 Kd6 24.a3 Re8 25.Rd1 Kc5 26.Rd4 Rh8 27.Bf5 Rf8 28.Kg4 g6
29.Bxg6 Rxf2 30.Be4 Ra2 31.Kf4 Rxa3 32.g4 Ra1 33.g5 a5 34.g6 a4 35.Rd2 Rg1
36.Bg2 a3 37.g7 a2 38.Rxa2 Bxd5 39.Rd2 Bg8 40.Kg3 d6 41.Kf2 Rc1 42.Bd5 Bh7
43.c4 b5 44.cxb5 Kxb5 45.g8=Q Bxg8 46.Bxg8 Kc6 47.Kf3 Kd7 48.Rg2 Rc5 49.Rg7+ Kc6
50.Ke4 Rc1 51.Bd5+ Kb6 52.Rd7 Rd1 53.Rd8 Rc1 54.Kf5 Kc5 55.Ke6 Rg1 56.e4 Rh1
57.Rb8 Rh6+ 58.Kf5 Kd4 59.Rb1 Rh7 60.Rd1+ Ke3 61.Rc1 Kd4 62.Ke6 Rg7 63.Rf1 Kc5
64.Rf7 Rxf7 65.Kxf7 c6 66.Ke6  1-0

[Event "20th Montcada Open"]
[Site "Montcada i Reixac ESP"]
[Date "2012.06.27"]
[Round "3.18"]
[White "Herraiz Hidalgo,H"]
[Black "Montanes Arribas,A"]
[Result "1-0"]
[WhiteElo "2489"]
[BlackElo "2210"]

1.d4 Nf6 2.c4 Nc6 3.Nf3 e6 4.a3 d6 5.Nc3 g6 6.e4 Bg7 7.h3 O-O 8.Be2 Re8 9.O-O e5
10.dxe5 dxe5 11.Qxd8 Nxd8 12.Be3 c6 13.Rfd1 Nd7 14.b4 f6 15.c5 Nf8 16.Nd2 Nf7
17.Nb3 Bh6 18.Bxh6 Nxh6 19.b5 Ne6 20.Bc4 Nf7 21.Rab1 Ned8 22.bxc6 bxc6 23.Na5 Kg7
24.Bxf7 Kxf7 25.Rd6 Ne6 26.Rxc6 Bd7 27.Rb7 Red8 28.Nd5  1-0

[Event "7th Wroclaw Open A"]
[Site "Wroclaw POL"]
[Date "2012.07.03"]
[Round "2.19"]
[White "White,J USA"]
[Black "Mondrzycki,B"]
[Result "0-1"]
[WhiteElo "1886"]
[BlackElo "2056"]

1.d4 Nf6 2.c4 Nc6 3.Nf3 e6 4.Nc3 Bb4 5.Qc2 d6 6.Bd2 O-O 7.a3 Bxc3 8.Bxc3 a5
9.b3 Qe7 10.e3 e5 11.d5 Nb8 12.e4 Nh5 13.Bd2 Na6 14.Be2 f5 15.O-O fxe4 16.Ng5 Nf4
17.Bxf4 exf4 18.Nxe4 Bf5 19.Bd3 f3 20.Ng3 Bxd3 21.Qxd3 Nc5 22.Qc2 Qh4 23.Rfe1 Rf6
24.b4 fxg2 25.Kxg2 Rh6 26.Rh1 axb4 27.Rhe1 Qh3+ 28.Kg1 Qxh2+ 29.Kf1 Rf8 30.Re3 Rhf6
31.Ra2 b3  0-1

[Event "7th Wroclaw Open A"]
[Site "Wroclaw POL"]
[Date "2012.07.07"]
[Round "6.19"]
[White "Musialkiewicz,P"]
[Black "Mondrzycki,B"]
[Result "1-0"]
[WhiteElo "2090"]
[BlackElo "2056"]

1.d4 Nf6 2.c4 Nc6 3.Nc3 e5 4.d5 Ne7 5.Nf3 Ng6 6.h4 h5 7.Bg5 Be7 8.e3 d6 9.Bd3 Nh7
10.Qc2 Ngf8 11.Bxe7 Qxe7 12.Nd2 g6 13.O-O-O f5 14.f3 Nf6 15.Be2 Bd7 16.Kb1 Kf7
17.Rdg1 Kg7 18.Rh2 Rg8 19.g3 e4 20.fxe4 Nxe4 21.Ndxe4 fxe4 22.g4 hxg4 23.Bxg4 Kh6
24.Ne2 Nh7 25.Bxd7 Qxd7 26.Nd4 Rae8 27.Rhg2 Re5 28.Qf2 g5 29.Ne6 Qe7 30.hxg5+ Rgxg5
31.Nxg5 Rxg5 32.Rxg5 Nxg5 33.Qf5  1-0

[Event "St. Pauli Open 2012"]
[Site "Hamburg GER"]
[Date "2012.07.08"]
[Round "2.5"]
[White "Ramme,C"]
[Black "Okhotnik,V"]
[Result "0-1"]
[WhiteElo "2122"]
[BlackElo "2446"]

1.d4 Nf6 2.c4 Nc6 3.Nf3 e6 4.Nc3 Bb4 5.Qc2 d6 6.a3 Bxc3+ 7.Qxc3 a5 8.b3 Qe7
9.Bb2 O-O 10.e3 Re8 11.Qc2 e5 12.dxe5 dxe5 13.Be2 Bg4 14.h3 Bh5 15.Nh4 Bxe2
16.Qxe2 Ne4 17.Nf3 Nc5 18.Qc2 e4 19.Nd4 Nd3+ 20.Ke2 Nce5 21.Rhd1 Ra6 22.Rd2 Qg5
23.Kf1 Rf6 24.Re2 c5 25.Nb5 Rg6 26.g3 Qf5 27.Kg2 Qf3+ 28.Kg1 Rh6 29.h4 Rxh4
30.gxh4 Qg4+ 31.Kh1 Qh3+  0-1

[Event "Turkish Bank Chess League 2012"]
[Site "Konya TUR"]
[Date "2012.07.12"]
[Round "2"]
[White "Cmilyte,V"]
[Black "Kulaots,K"]
[Result "1-0"]
[WhiteElo "2525"]
[BlackElo "2570"]

1.d4 Nf6 2.c4 Nc6 3.Nf3 e6 4.Nc3 Bb4 5.Qc2 d6 6.Bg5 h6 7.Bd2 a5 8.a3 Bxc3
9.Bxc3 O-O 10.b3 Qe7 11.e3 e5 12.d5 Nb8 13.Be2 Nbd7 14.O-O b5 15.e4 bxc4
16.Bxc4 Nc5 17.Nd2 Nh5 18.b4 axb4 19.axb4 Rxa1 20.Rxa1 Nd7 21.Ra7 Nb6 22.b5 Nf4
23.Bf1 Qg5 24.g3 Nh3+ 25.Bxh3 Bxh3 26.Rxc7 Ra8 27.Rc6 Qd8 28.f3 Qb8 29.g4 h5
30.Kf2 h4 31.Qb3 Na4 32.b6 Nc5 33.Rxc5 dxc5 34.Nc4 f6 35.d6 Kf8 36.b7 Ra7
37.Na5 Ra6 38.Qb5 Rxd6 39.Nc6 Rxc6 40.Qxc6  1-0

[Event "16th Battle of Senta Open A"]
[Site "Senta SRB"]
[Date "2012.07.16"]
[Round "4.5"]
[White "Tancik,K"]
[Black "Nadj Hedjesi,B"]
[Result "1/2-1/2"]
[WhiteElo "2289"]
[BlackElo "2381"]

1.d4 Nf6 2.c4 Nc6 3.Nf3 e6 4.Nc3 Bb4 5.Qc2 O-O 6.Bd2 d6 7.a3 Bxc3 8.Bxc3 Re8
9.e3 e5 10.d5 Ne7 11.Bd3 c6 12.dxc6 bxc6 13.Nd2 Ng6 14.Ne4 d5 15.Nxf6+ Qxf6
16.O-O Qg5 17.f4 exf4 18.Bxg6 hxg6 19.exf4 Qh5 20.Rae1 Ba6 21.Rxe8+ Rxe8
22.Re1 Rxe1+ 23.Bxe1 Bxc4 24.b3 Bb5 25.a4 Ba6 26.Bf2 Qg4 27.Bxa7 Qxf4 28.h3 d4
29.Qf2 Qc1+ 30.Kh2 d3 31.Be3 Qc3 32.Qh4 Qe5+ 33.Qf4 Qd5 34.b4 f6 35.a5 g5
36.Qb8+ Kh7 37.Qb6 Qe5+ 38.Kg1 Qa1+ 39.Kh2 Qb2 40.Bd4 Qd2 41.Be3 Qe2 42.Qd4 Bc4
43.Qe4+ Kh8 44.Qf3 g4 45.Qxe2 dxe2 46.Bd2 gxh3 47.Kxh3 Kg8 48.Kg4 Kf7 49.Kf4 Ke6
50.Ke4 Kd6 51.Kd4 Ba6 52.Bf4+ Kd7 53.Bg3 Kc8 54.Kc5 Kb7 55.Bf2 Bd3 56.g3 Kc7
57.Be1 Ba6 58.Bf2 Bc8 59.Be1 g5 60.Bf2 f5 61.Be1 Ba6 62.Bf2 Bb5 63.Be1 g4
64.Bf2 Bd3 65.Kd4 Ba6 66.Ke5 Bc8 67.a6 Bxa6 68.Kxf5 Bc8+ 69.Ke5 Kb7 70.Kd4 Kb6
71.Kc4+ Kc7 72.Kd3 Ba6+ 73.Kd2 Kd6 74.Ke1 Kd5 75.Bc5 Ke4 76.Bd6 Kd5 77.Bf8 Ke4
78.Bd6 Kd5 79.Bf8 Ke4 80.Bd6  1/2-1/2

[Event "5th Paleochora Open"]
[Site "Paleochora GRE"]
[Date "2012.07.17"]
[Round "3.29"]
[White "Sekadakis,D"]
[Black "Mansour,Sam"]
[Result "1/2-1/2"]
[WhiteElo "1935"]
[BlackElo "2239"]

1.d4 Nf6 2.c4 Nc6 3.Nf3 e6 4.a3 d5 5.Nc3 a6 6.cxd5 exd5 7.Bg5 Be7 8.e3 h6
9.Bh4 Ne4 10.Bxe7 Nxe7 11.Qc2 Nxc3 12.Qxc3 Bf5 13.Bd3 O-O 14.O-O c6 15.b4 Bxd3
16.Qxd3 Nc8 17.Nd2 Nd6 18.Nb1 a5 19.Nc3 b5 20.Rfb1 axb4 21.axb4 Qe7 22.Nd1 Nc4
23.Qc3 Qe4 24.Rc1 Qg4 25.Nb2 Qe2 26.Nd3 Qg4 27.h3 Qe6 28.Nc5 Qe7 29.Rxa8 Rxa8
30.Ra1 Ra7 31.Qe1 Qc7 32.Nb3 Ra4 33.Nc5 Ra7 34.Nb3 Ra4 35.Nc5  1/2-1/2

[Event "2nd Science Park Open A"]
[Site "Amsterdam NED"]
[Date "2012.07.20"]
[Round "7"]
[White "Merbis,M"]
[Black "Riemens,A"]
[Result "1/2-1/2"]
[WhiteElo "2167"]
[BlackElo "2123"]

1.d4 Nf6 2.c4 Nc6 3.Nf3 e6 4.g3 d5 5.Bg2 dxc4 6.Qa4 Bb4+ 7.Bd2 Nd5 8.Bxb4 Nxb4
9.O-O O-O 10.Ne5 Qxd4 11.Nxc6 Nxc6 12.Bxc6 bxc6 13.Nc3 Rb8 14.Rfd1 Qc5 15.Rd2 e5
16.Ne4 Qb4 17.Qxa7 Bf5  1/2-1/2